| 000 | 00450nam a2200181Ia 4500 | ||
|---|---|---|---|
| 001 | 2158 | ||
| 005 | 20260306143821.0 | ||
| 008 | 260306t2017||||xx |||||||||||||| ||spa|| | ||
| 041 | _aESP | ||
| 082 |
_a615.8515 _bM86P |
||
| 100 |
_aMoruno Miralles, Pedro _eAUT |
||
| 245 | 0 | _aPrincipios conceptuales de la terapia ocupacional | |
| 260 | _c2017 | ||
| 300 |
_a253 páginas : _c23 cm. |
||
| 650 | _aGEN | ||
| 654 | _aCPS | ||
| 942 |
_cLIB _dJUS _fJUS _2ddc _n |
||
| 999 |
_c2158 _d2158 |
||